00525 2200193 4500001002100000005001500021035002000036007000300056008004100059020002200100082001200122084001900134100001600153245005000169250000600219260004700225300003400272650002500306INLIS00000000000200320260204091118 a0010-0226000013ta260204 g 1 ind  a978-606-700-873-9 a297.246 a297.246 EKO k0 aEko Koswara1 aKisah Nabi Yahyah Alaihissalam /cEko Koswara a- aSidoarjo :bPT GLOBAL OFFSET SEJAHTERA,c- a32 hlm :bilus. ;c20 x 25 cm aKisah Nabi Yahyah AS